000 00297 a2200133 4500
000 nam a22 7a 4500
100 _aP C SHARMA
110 _aP C SHARMA
245 _aProduction Engineering
250 _alatest edition
260 _bS.Chand
_c2024
264 _bS.Chand
_c2024
942 _cBK
999 _c397114
_d397114